MARC

LEADER 00000nam0a2200000 4500
001 116678
005 20231101215339.0
010 |a 526800705X 
020 |a RU  |b 89-35268 
035 |a (RuTPU)RU\TPU\book\126267 
090 |a 116678 
100 |a 20070524d1989 m y0rusy5003 ca 
101 0 |a rus 
102 |a RU 
105 |a y z 001ay 
200 1 |a Вся жизнь - театру  |f А. Н. Островский  |g авт. предисл. С. Е. Шаталов 
210 |a Москва  |c Советская Россия  |d 1989 
215 |a 366,[1] с.  |d 21 см 
225 1 |a Русские дневники  |f Редкол.: Г. Н. Волков и др. 
320 |a Именной указатель: с. 345-365 
320 |a Библиография в примечаниях. 
327 1 |a Содерж.: Разделы: Дневники; Театральные записки. Речи 
610 1 |a русская литература 
610 1 |a русский драматический театр 
610 2 |a 19 век 
675 |a Р1  |z rus  |v 3 
700 1 |a Островский  |b А. Н.  |c русский драматург  |c член-корреспондент Петербургской АН  |f 1823-1886  |g Александр Николаевич  |2 stltpush  |3 (RuTPU)RU\TPU\pers\355  |9 173 
702 1 |a Шаталов  |b С. Е.  |4 080 
801 0 |a RU  |b RuMRKP  |c 19950417  |g psbo 
801 1 |a RU  |b 63413507  |c 20070524  |g PSBO 
801 2 |a RU  |b 63413507  |c 20070823  |g PSBO 
942 |c BK